000
00324nam a22001457a 4500
008
210519b ||||| |||| 00| 0 eng d
020
_a
47167155
041
_a
eng
080
_2
2nd
_a
574
082
_a
574
100
_a
9
101
_a
MJE
245
_a
Industrial Hygiene and Toxicology
_c
Clayton,G.D
942
_2
udc
_c
BK
999
_c
57477
_d
57477